[Event "PMPJ 2022 - C17"]
[Site "Jastrzebia Gora"]
[Date "2022.11.07"]
[Round "3.1"]
[White "Kozlowski, Franciszek"]
[Black "Mikula, Maciej"]
[Result "1/2-1/2"]
[BlackElo "1748"]
[WhiteElo "1842"]
[LiveChessVersion "1.4.8"]

1. d4 {[%clk 1:30:28]} Nf6 {[%clk 1:30:42]} 2. c4 {[%clk 1:30:17]} c5
{[%clk 1:29:53]} 3. d5 {[%clk 1:29:26]} b5 {[%clk 1:29:46]} 4. cxb5
{[%clk 1:29:21]} a6 {[%clk 1:30:08]} 5. bxa6 {[%clk 1:29:13]} Bxa6
{[%clk 1:30:04]} 6. Nc3 {[%clk 1:29:15]} g6 {[%clk 1:29:25]} 7. e4
{[%clk 1:28:08]} Bxf1 {[%clk 1:29:32]} 8. Kxf1 {[%clk 1:28:35]} d6
{[%clk 1:29:07]} 9. g3 {[%clk 1:26:23]} Bg7 {[%clk 1:28:35]} 10. Kg2
{[%clk 1:26:23]} Nbd7 {[%clk 1:28:14]} 11. Qe2 {[%clk 1:18:02]} O-O
{[%clk 1:23:39]} 12. Nf3 {[%clk 1:11:40]} Nb6 {[%clk 1:15:32]} 13. a4
{[%clk 1:08:00]} Ra5 {[%clk 0:59:57]} 14. Qc2 {[%clk 1:05:16]} Qd7
{[%clk 0:57:34]} 15. Bd2 {[%clk 1:02:16]} Rfa8 {[%clk 0:56:36]} 16. b3
{[%clk 1:01:58]} R5a6 {[%clk 0:48:02]} 17. Ra2 {[%clk 1:00:14]} e6
{[%clk 0:33:01]} 18. dxe6 {[%clk 0:58:40]} Qxe6 {[%clk 0:31:56]} 19. a5
{[%clk 0:53:16]} Nc8 {[%clk 0:22:25]} 20. Rha1 {[%clk 0:47:40]} Ne7
{[%clk 0:20:51]} 21. Ng5 {[%clk 0:47:05]} Qd7 {[%clk 0:20:43]} 22. Bf4
{[%clk 0:42:31]} Nc6 {[%clk 0:20:13]} 23. Ra4 {[%clk 0:40:25]} Nd4
{[%clk 0:19:12]} 24. Qd1 {[%clk 0:39:49]} Nh5 {[%clk 0:15:36]} 25. Bd2
{[%clk 0:38:01]} Rb8 {[%clk 0:13:06]} 26. b4 {[%clk 0:35:57]} h6 {[%clk 0:11:53]}
27. Nh3 {[%clk 0:31:06]} cxb4 {[%clk 0:11:15]} 28. Rb1 {[%clk 0:30:38]} b3
{[%clk 0:10:17]} 29. Qf1 {[%clk 0:27:30]} Rc6 {[%clk 0:09:01]} 30. Rc4
{[%clk 0:22:15]} Rxc4 {[%clk 0:07:19]} 31. Qxc4 {[%clk 0:22:20]} 1/2-1/2

[Event "PMPJ 2022 - C17"]
[Site "Jastrzebia Gora"]
[Date "2022.11.07"]
[Round "3.2"]
[White "Sternik, Piotr"]
[Black "Taranowicz, Michal"]
[Result "0-1"]
[BlackElo "1797"]
[WhiteElo "1726"]
[LiveChessVersion "1.4.8"]

1. d4 {[%clk 1:30:57]} d5 {[%clk 1:30:54]} 2. c4 {[%clk 1:31:20]} c6
{[%clk 1:31:20]} 3. e3 {[%clk 1:30:45]} Nf6 {[%clk 1:31:43]} 4. Nf3
{[%clk 1:31:09]} e6 {[%clk 1:32:05]} 5. Nc3 {[%clk 1:31:35]} Nbd7
{[%clk 1:32:30]} 6. Qc2 {[%clk 1:31:30]} Bd6 {[%clk 1:32:54]} 7. cxd5
{[%clk 1:31:52]} exd5 {[%clk 1:33:06]} 8. Bd3 {[%clk 1:32:16]} O-O
{[%clk 1:32:48]} 9. O-O {[%clk 1:32:32]} Re8 {[%clk 1:31:48]} 10. Rb1
{[%clk 1:30:11]} Qe7 {[%clk 1:30:19]} 11. a3 {[%clk 1:23:24]} Ne4
{[%clk 1:29:16]} 12. b4 {[%clk 1:18:43]} Ndf6 {[%clk 1:28:08]} 13. Ne2
{[%clk 1:06:55]} a6 {[%clk 1:15:08]} 14. Qb3 {[%clk 1:01:53]} h5 {[%clk 1:12:08]}
15. Ng3 {[%clk 0:49:50]} Ng4 {[%clk 1:07:05]} 16. Bxe4 {[%clk 0:45:54]} dxe4
{[%clk 1:07:12]} 17. Ne5 {[%clk 0:41:50]} Bxe5 {[%clk 1:03:32]} 18. dxe5
{[%clk 0:42:15]} Qh4 {[%clk 1:03:50]} 19. h3 {[%clk 0:42:16]} Nxe5
{[%clk 1:04:13]} 20. Qd1 {[%clk 0:36:48]} Bxh3 {[%clk 0:52:51]} 21. Qxh5
{[%clk 0:36:42]} Qxh5 {[%clk 0:53:12]} 22. Nxh5 {[%clk 0:37:11]} Be6
{[%clk 0:53:24]} 23. Bb2 {[%clk 0:37:16]} Bc4 {[%clk 0:52:36]} 24. Rfe1
{[%clk 0:33:43]} Rad8 {[%clk 0:52:45]} 25. Bd4 {[%clk 0:33:26]} b5
{[%clk 0:49:47]} 26. Ng3 {[%clk 0:28:13]} Bd3 {[%clk 0:49:42]} 27. Rbc1
{[%clk 0:27:30]} Nc4 {[%clk 0:50:00]} 28. Nh5 {[%clk 0:23:24]} f6
{[%clk 0:48:21]} 29. Bxf6 {[%clk 0:17:32]} gxf6 {[%clk 0:48:21]} 30. Nxf6+
{[%clk 0:18:00]} Kf7 {[%clk 0:48:41]} 31. Nxe8 {[%clk 0:18:28]} Rxe8
{[%clk 0:48:57]} 32. Rc3 {[%clk 0:18:11]} Ke6 {[%clk 0:47:01]} 33. f4
{[%clk 0:17:16]} a5 {[%clk 0:45:17]} 34. bxa5 {[%clk 0:14:15]} Ra8
{[%clk 0:44:24]} 35. Kf2 {[%clk 0:10:44]} Rxa5 {[%clk 0:44:05]} 36. Rec1
{[%clk 0:10:30]} Kd5 {[%clk 0:42:46]} 37. g4 {[%clk 0:10:54]} c5 {[%clk 0:37:32]}
38. g5 {[%clk 0:11:04]} b4 {[%clk 0:37:51]} 39. axb4 {[%clk 0:11:23]} cxb4
{[%clk 0:38:13]} 40. Rb3 {[%clk 0:11:36]} Ra2+ {[%clk 0:35:18]} 41. Kg3
{[%clk 0:11:56]} Nxe3 {[%clk 0:35:03]} 42. Rxb4 {[%clk 0:12:16]} Nf5+
{[%clk 0:34:09]} 43. Kg4 {[%clk 0:12:23]} e3 {[%clk 0:34:07]} 44. Rb8
{[%clk 0:05:59]} Rg2+ {[%clk 0:33:28]} 45. Kh3 {[%clk 0:05:54]} Rg3+
{[%clk 0:33:29]} 46. Kh2 {[%clk 0:06:19]} Rg4 {[%clk 0:33:47]} 47. Rd8+
{[%clk 0:05:52]} Ke4 {[%clk 0:34:06]} 48. Ra1 {[%clk 0:04:42]} Be2
{[%clk 0:31:27]} 49. Rh8 {[%clk 0:02:21]} Kf3 {[%clk 0:27:41]} 50. Rh3+
{[%clk 0:02:17]} Kf2 {[%clk 0:28:03]} 51. Kh1 {[%clk 0:01:34]} Bf3+
{[%clk 0:28:03]} 0-1

[Event "PMPJ 2022 - C17"]
[Site "Jastrzebia Gora"]
[Date "2022.11.07"]
[Round "3.3"]
[White "Biesiadecki, Adam"]
[Black "Kossowski, Pawel"]
[Result "1-0"]
[BlackElo "1773"]
[WhiteElo "1706"]
[LiveChessVersion "1.4.8"]

1. d4 {[%clk 1:30:57]} Nf6 {[%clk 1:30:43]} 2. Nf3 {[%clk 1:31:22]} e6
{[%clk 1:30:12]} 3. c4 {[%clk 1:31:37]} Bb4+ {[%clk 1:29:44]} 4. Bd2
{[%clk 1:31:41]} Qe7 {[%clk 1:29:34]} 5. a3 {[%clk 1:31:56]} Bxd2+
{[%clk 1:29:47]} 6. Qxd2 {[%clk 1:32:01]} a5 {[%clk 1:28:12]} 7. Nc3
{[%clk 1:31:57]} d6 {[%clk 1:27:36]} 8. e4 {[%clk 1:29:45]} e5 {[%clk 1:27:53]}
9. dxe5 {[%clk 1:27:30]} dxe5 {[%clk 1:26:12]} 10. Nd5 {[%clk 1:24:19]} Nxd5
{[%clk 1:20:19]} 11. cxd5 {[%clk 1:23:47]} O-O {[%clk 1:18:02]} 12. Bc4
{[%clk 1:11:52]} Kh8 {[%clk 1:14:09]} 13. Qc3 {[%clk 1:05:29]} f6
{[%clk 1:10:54]} 14. O-O {[%clk 1:05:19]} Bg4 {[%clk 1:07:07]} 15. Nd2
{[%clk 1:04:19]} Nd7 {[%clk 0:59:25]} 16. Rfe1 {[%clk 1:01:39]} Rfc8
{[%clk 0:55:21]} 17. Rac1 {[%clk 1:00:09]} Nf8 {[%clk 0:49:09]} 18. Qg3
{[%clk 0:51:46]} Bd7 {[%clk 0:47:15]} 19. Nf1 {[%clk 0:46:56]} Ng6
{[%clk 0:45:22]} 20. Rc2 {[%clk 0:45:14]} Nf4 {[%clk 0:42:29]} 21. Ne3
{[%clk 0:43:23]} b5 {[%clk 0:39:23]} 22. Bf1 {[%clk 0:41:54]} b4 {[%clk 0:34:53]}
23. Nc4 {[%clk 0:40:52]} Rcb8 {[%clk 0:28:15]} 24. Qe3 {[%clk 0:38:01]} a4
{[%clk 0:24:45]} 25. Ra1 {[%clk 0:36:03]} Bb5 {[%clk 0:19:20]} 26. g3
{[%clk 0:28:13]} Ng6 {[%clk 0:18:10]} 27. d6 {[%clk 0:22:38]} cxd6
{[%clk 0:11:11]} 28. Nb6 {[%clk 0:22:28]} Bxf1 {[%clk 0:10:00]} 29. Nxa8
{[%clk 0:21:47]} Bh3 {[%clk 0:09:24]} 30. Nc7 {[%clk 0:21:34]} bxa3
{[%clk 0:08:27]} 31. Qxa3 {[%clk 0:21:24]} h5 {[%clk 0:04:04]} 32. Qxa4
{[%clk 0:21:02]} f5 {[%clk 0:03:37]} 33. Qc4 {[%clk 0:16:34]} f4 {[%clk 0:03:04]}
34. Ra3 {[%clk 0:14:40]} h4 {[%clk 0:03:10]} 35. Qd3 {[%clk 0:11:03]} Qd7
{[%clk 0:02:21]} 36. Nd5 {[%clk 0:08:28]} Rf8 {[%clk 0:02:14]} 37. Rc7
{[%clk 0:08:15]} Qg4 {[%clk 0:02:25]} 38. f3 {[%clk 0:07:20]} Qg5
{[%clk 0:02:06]} 39. g4 {[%clk 0:05:38]} Bxg4 {[%clk 0:02:28]} 40. fxg4
{[%clk 0:05:45]} Qxg4+ {[%clk 0:02:53]} 41. Kf1 {[%clk 0:05:31]} f3
{[%clk 0:03:04]} 42. Rc2 {[%clk 0:05:32]} h3 {[%clk 0:01:28]} 43. Rf2
{[%clk 0:05:12]} Nh4 {[%clk 0:01:18]} 44. Ne3 {[%clk 0:04:47]} Qc8
{[%clk 0:01:18]} 45. Qc3 {[%clk 0:03:48]} Qb7 {[%clk 0:01:34]} 46. Qc2
{[%clk 0:03:01]} Rc8 {[%clk 0:01:51]} 47. Rc3 {[%clk 0:03:08]} Ra8
{[%clk 0:02:12]} 48. Rd2 {[%clk 0:03:08]} Ng2 {[%clk 0:01:50]} 49. Kf2
{[%clk 0:02:54]} Kh7 {[%clk 0:02:03]} 50. Nxg2 {[%clk 0:03:05]} hxg2
{[%clk 0:01:31]} 51. Rxf3 {[%clk 0:03:12]} Ra1 {[%clk 0:01:03]} 52. Kxg2
{[%clk 0:03:11]} Qb6 {[%clk 0:01:26]} 53. Rdf2 {[%clk 0:03:25]} Qd4
{[%clk 0:01:21]} 54. Qc8 {[%clk 0:03:03]} Qxe4 {[%clk 0:01:22]} 55. Qf5+
{[%clk 0:03:28]} 1-0

[Event "PMPJ 2022 - C17"]
[Site "Jastrzebia Gora"]
[Date "2022.11.07"]
[Round "3.4"]
[White "Madajczak, Piotr"]
[Black "Pieczulis, Blazej"]
[Result "1/2-1/2"]
[BlackElo "1693"]
[WhiteElo "1902"]
[LiveChessVersion "1.4.8"]

1. c4 {[%clk 1:30:58]} Nf6 {[%clk 1:30:40]} 2. Nc3 {[%clk 1:31:15]} e6
{[%clk 1:30:52]} 3. Nf3 {[%clk 1:31:20]} Bb4 {[%clk 1:30:42]} 4. Qc2
{[%clk 1:30:06]} b6 {[%clk 1:30:19]} 5. g3 {[%clk 1:28:28]} Bb7 {[%clk 1:29:17]}
6. Bg2 {[%clk 1:28:37]} O-O {[%clk 1:29:22]} 7. O-O {[%clk 1:28:59]} Bxc3
{[%clk 1:27:44]} 8. Qxc3 {[%clk 1:28:48]} d5 {[%clk 1:27:37]} 9. d4
{[%clk 1:26:27]} Nbd7 {[%clk 1:22:10]} 10. cxd5 {[%clk 1:16:06]} Nxd5
{[%clk 1:16:33]} 11. Qd2 {[%clk 1:14:48]} c5 {[%clk 1:15:20]} 12. b3
{[%clk 1:13:42]} Rc8 {[%clk 1:13:30]} 13. Bb2 {[%clk 1:03:36]} Qe7
{[%clk 1:11:15]} 14. Rfd1 {[%clk 0:54:22]} Rfd8 {[%clk 1:06:36]} 15. Rac1
{[%clk 0:52:51]} h6 {[%clk 0:50:22]} 16. Qe1 {[%clk 0:48:20]} N5f6
{[%clk 0:48:31]} 17. Ba3 {[%clk 0:46:46]} Qe8 {[%clk 0:43:07]} 18. dxc5
{[%clk 0:37:41]} Nxc5 {[%clk 0:43:11]} 19. Bxc5 {[%clk 0:37:19]} Rxc5
{[%clk 0:42:56]} 20. Rxc5 {[%clk 0:37:34]} bxc5 {[%clk 0:43:20]} 21. Rc1
{[%clk 0:30:38]} Qb5 {[%clk 0:43:05]} 22. Ne5 {[%clk 0:26:57]} Bxg2
{[%clk 0:38:03]} 23. Kxg2 {[%clk 0:27:25]} Ne4 {[%clk 0:37:24]} 24. Nd3
{[%clk 0:23:03]} Rc8 {[%clk 0:37:27]} 25. Ne5 {[%clk 0:13:24]} Rd8
{[%clk 0:34:32]} 26. Nc4 {[%clk 0:07:09]} Nd6 {[%clk 0:31:08]} 27. Rd1
{[%clk 0:05:06]} Nb7 {[%clk 0:30:53]} 28. Rxd8+ {[%clk 0:05:25]} Nxd8
{[%clk 0:31:21]} 29. Qd2 {[%clk 0:05:05]} Nb7 {[%clk 0:30:49]} 30. f3
{[%clk 0:04:26]} Qc6 {[%clk 0:29:45]} 31. Qf4 {[%clk 0:04:15]} Qc8
{[%clk 0:28:39]} 32. Qe5 {[%clk 0:03:50]} Kf8 {[%clk 0:21:53]} 33. h4
{[%clk 0:01:40]} f6 {[%clk 0:21:11]} 34. Qe4 {[%clk 0:02:00]} Qd7
{[%clk 0:20:36]} 35. Qh7 {[%clk 0:00:53]} Qf7 {[%clk 0:18:44]} 36. Qh8+
{[%clk 0:00:32]} Qg8 {[%clk 0:16:11]} 37. Qxg8+ {[%clk 0:00:59]} Kxg8
{[%clk 0:16:40]} 38. e4 {[%clk 0:01:19]} Kf7 {[%clk 0:16:42]} 39. e5
{[%clk 0:01:20]} f5 {[%clk 0:15:57]} 40. h5 {[%clk 0:00:42]} Ke7 {[%clk 0:15:40]}
41. g4 {[%clk 0:00:48]} fxg4 {[%clk 0:14:12]} 42. fxg4 {[%clk 0:01:17]} Kd7
{[%clk 0:13:51]} 43. Kf3 {[%clk 0:01:25]} Kc6 {[%clk 0:13:55]} 44. Ke4
{[%clk 0:01:53]} Kd7 {[%clk 0:06:13]} 45. Nb2 {[%clk 0:01:05]} Nd8
{[%clk 0:05:51]} 46. Nd3 {[%clk 0:01:19]} Nb7 {[%clk 0:05:23]} 47. Nf4
{[%clk 0:01:29]} Nd8 {[%clk 0:05:35]} 48. Nd3 {[%clk 0:01:28]} Nb7
{[%clk 0:05:58]} 1/2-1/2

[Event "PMPJ 2022 - C17"]
[Site "Jastrzebia Gora"]
[Date "2022.11.07"]
[Round "3.5"]
[White "Raba, Bartosz"]
[Black "Zeissel, Andrzej"]
[Result "0-1"]
[BlackElo "1654"]
[WhiteElo "1896"]
[LiveChessVersion "1.4.8"]

1. e4 c5 2. c3 Nf6 3. e5 Nd5 4. Nf3 e6 5. d4 cxd4 6. cxd4 d6 7. Bc4 Be7 8. O-O
O-O 9. Nc3 Nxc3 10. bxc3 Qc7 11. Qd3 dxe5 12. Nxe5 Bd6 13. f4 Nd7 14. a4 b6 15.
Ba3 Bxa3 16. Rxa3 Bb7 17. Qe2 Nxe5 18. fxe5 Rac8 19. Bd3 Qe7 20. Rb3 Qd7 21. Bb5
Qd5 22. Rfb1 Rc7 23. Qb2 Rfc8 24. Bf1 Rxc3 25. Rxc3 Qxd4+ 26. Kh1 Qxc3 27. Qxc3
Rxc3 28. a5 Be4 29. Rd1 g5 30. axb6 axb6 31. Kg1 Rc5 32. Rd8+ Kg7 33. Rb8 Rxe5
34. Rxb6 Rd5 35. Kf2 Rd7 36. Be2 Re7 37. Rb4 Bd5 38. Rg4 h6 39. Rb4 e5 40. Rb5
Be4 41. Rb6 Bg6 42. g4 e4 43. Ke3 Rc7 44. Rb3 Rc1 45. h3 Rc7 46. Bf1 f5 47. gxf5
Bxf5 48. Bg2 Kg6 49. Rb6+ Kh5 50. Kf2 Rc3 51. Rd6 e3+ 52. Ke1 Bd3 53. Bf3+ Kh4
54. Rxh6+ Kg3 55. Bd1 Rc1 56. Re6 e2 57. Re3+ Kh2 58. Rxd3 exd1=Q+ 59. Rxd1 Rxd1+
60. Kxd1 Kxh3 0-1

[Event "PMPJ 2022 - C17"]
[Site "Jastrzebia Gora"]
[Date "2022.11.07"]
[Round "3.6"]
[White "Smetek, Michal"]
[Black "Melerowicz, Dominik"]
[Result "1-0"]
[BlackElo "1850"]
[WhiteElo "1731"]
[LiveChessVersion "1.4.8"]

1. d4 {[%clk 1:30:57]} Nf6 {[%clk 1:30:51]} 2. c4 {[%clk 1:31:10]} c5
{[%clk 1:31:12]} 3. d5 {[%clk 1:31:33]} b5 {[%clk 1:31:37]} 4. cxb5
{[%clk 1:31:58]} a6 {[%clk 1:32:03]} 5. b6 {[%clk 1:31:31]} g6 {[%clk 1:32:15]}
6. Nc3 {[%clk 1:31:53]} Bg7 {[%clk 1:32:21]} 7. Nf3 {[%clk 1:31:53]} O-O
{[%clk 1:32:10]} 8. Nd2 {[%clk 1:28:21]} d6 {[%clk 1:28:44]} 9. e4
{[%clk 1:26:08]} Nbd7 {[%clk 1:28:01]} 10. Bd3 {[%clk 1:25:34]} Nxb6
{[%clk 1:27:26]} 11. a4 {[%clk 1:21:39]} a5 {[%clk 1:25:17]} 12. O-O
{[%clk 1:13:23]} e6 {[%clk 1:25:08]} 13. dxe6 {[%clk 1:02:58]} Bxe6
{[%clk 1:23:39]} 14. Bb5 {[%clk 1:02:42]} d5 {[%clk 1:19:35]} 15. exd5
{[%clk 1:01:26]} Nfxd5 {[%clk 1:19:39]} 16. Nde4 {[%clk 0:57:33]} c4
{[%clk 1:12:45]} 17. Bg5 {[%clk 0:49:43]} f6 {[%clk 0:59:17]} 18. Bh4
{[%clk 0:44:47]} Nxc3 {[%clk 0:58:06]} 19. Nxc3 {[%clk 0:37:51]} Qxd1
{[%clk 0:51:47]} 20. Raxd1 {[%clk 0:37:47]} Rad8 {[%clk 0:51:22]} 21. Bg3
{[%clk 0:37:28]} Na8 {[%clk 0:44:21]} 22. Bd6 {[%clk 0:36:09]} Kf7
{[%clk 0:36:25]} 23. Bxf8 {[%clk 0:35:33]} Rxd1 {[%clk 0:36:25]} 24. Nxd1
{[%clk 0:35:20]} Bxf8 {[%clk 0:35:14]} 25. Ne3 {[%clk 0:35:43]} Nb6
{[%clk 0:35:39]} 26. Rc1 {[%clk 0:28:48]} Bh6 {[%clk 0:36:03]} 27. Rd1
{[%clk 0:29:11]} Ke7 {[%clk 0:34:28]} 28. Nc2 {[%clk 0:22:01]} Bd5
{[%clk 0:27:36]} 29. Ne3 {[%clk 0:15:47]} Bxe3 {[%clk 0:26:36]} 30. fxe3
{[%clk 0:16:13]} f5 {[%clk 0:26:51]} 31. Kf2 {[%clk 0:14:31]} Kd6
{[%clk 0:26:53]} 32. g4 {[%clk 0:13:04]} Kc5 {[%clk 0:26:32]} 33. gxf5
{[%clk 0:13:25]} gxf5 {[%clk 0:26:54]} 34. Ke2 {[%clk 0:11:55]} Kb4
{[%clk 0:26:30]} 35. Kd2 {[%clk 0:10:43]} Kb3 {[%clk 0:26:32]} 36. Kc1
{[%clk 0:10:50]} Be4 {[%clk 0:24:14]} 37. Rd4 {[%clk 0:10:25]} Bf3
{[%clk 0:19:40]} 38. Rd6 {[%clk 0:08:11]} Nxa4 {[%clk 0:16:49]} 39. Bxa4+
{[%clk 0:08:29]} Kxa4 {[%clk 0:17:15]} 40. Rb6 {[%clk 0:08:47]} h5
{[%clk 0:16:37]} 41. h4 {[%clk 0:07:57]} Be4 {[%clk 0:16:32]} 42. Kd2
{[%clk 0:08:18]} Bf3 {[%clk 0:16:48]} 43. Kc3 {[%clk 0:08:44]} Be2
{[%clk 0:17:11]} 44. Rb8 {[%clk 0:07:45]} Bf1 {[%clk 0:16:53]} 45. Rd8
{[%clk 0:07:20]} Bd3 {[%clk 0:15:30]} 46. b3+ {[%clk 0:07:08]} cxb3
{[%clk 0:15:26]} 47. Rxd3 {[%clk 0:07:29]} Ka3 {[%clk 0:15:49]} 48. Rd5
{[%clk 0:06:20]} a4 {[%clk 0:16:09]} 49. Rxf5 {[%clk 0:05:44]} Ka2
{[%clk 0:14:44]} 50. Rb5 {[%clk 0:05:28]} Ka1 {[%clk 0:14:32]} 51. Rxb3
{[%clk 0:05:10]} 1-0

[Event "PMPJ 2022 - C17"]
[Site "Jastrzebia Gora"]
[Date "2022.11.07"]
[Round "3.7"]
[White "Karut, Kacper"]
[Black "Bem, Tymoteusz"]
[Result "1-0"]
[BlackElo "1652"]
[WhiteElo "1794"]
[LiveChessVersion "1.4.8"]

1. e4 {[%clk 1:30:58]} c5 {[%clk 1:30:52]} 2. Nf3 {[%clk 1:31:23]} Nc6
{[%clk 1:31:19]} 3. d4 {[%clk 1:31:41]} cxd4 {[%clk 1:31:43]} 4. Nxd4
{[%clk 1:32:09]} e5 {[%clk 1:31:59]} 5. Nb5 {[%clk 1:32:05]} d6 {[%clk 1:32:21]}
6. N1c3 {[%clk 1:32:16]} Nf6 {[%clk 1:31:45]} 7. Bg5 {[%clk 1:32:03]} a6
{[%clk 1:32:08]} 8. Na3 {[%clk 1:32:26]} b5 {[%clk 1:32:33]} 9. Bxf6
{[%clk 1:32:20]} gxf6 {[%clk 1:33:01]} 10. Nd5 {[%clk 1:32:41]} Bg7
{[%clk 1:33:27]} 11. Bd3 {[%clk 1:32:30]} Ne7 {[%clk 1:27:20]} 12. Nxe7
{[%clk 1:32:08]} Qxe7 {[%clk 1:27:42]} 13. c4 {[%clk 1:30:29]} f5
{[%clk 1:24:40]} 14. O-O {[%clk 1:25:58]} O-O {[%clk 1:13:35]} 15. Qh5
{[%clk 1:25:16]} bxc4 {[%clk 0:52:14]} 16. Nxc4 {[%clk 1:25:36]} Rb8
{[%clk 0:52:40]} 17. Ne3 {[%clk 1:23:40]} fxe4 {[%clk 0:49:15]} 18. Bxe4
{[%clk 1:22:59]} h6 {[%clk 0:49:31]} 19. b3 {[%clk 1:08:53]} Bb7 {[%clk 0:39:24]}
20. Bxb7 {[%clk 1:04:25]} Rxb7 {[%clk 0:39:27]} 21. Rad1 {[%clk 1:03:51]} Rd8
{[%clk 0:39:16]} 22. Nf5 {[%clk 1:02:31]} Qe6 {[%clk 0:36:00]} 23. Qg4
{[%clk 0:56:29]} Qf6 {[%clk 0:33:33]} 24. Rxd6 {[%clk 0:55:28]} Rxd6
{[%clk 0:31:01]} 25. Nxd6 {[%clk 0:55:50]} Rb8 {[%clk 0:29:35]} 26. Ne4
{[%clk 0:53:09]} Qc6 {[%clk 0:29:13]} 27. Ng3 {[%clk 0:41:21]} Rd8
{[%clk 0:26:32]} 28. Rd1 {[%clk 0:39:44]} Rd4 {[%clk 0:25:26]} 29. Qe2
{[%clk 0:34:29]} Bf8 {[%clk 0:20:14]} 30. h3 {[%clk 0:30:55]} Qg6
{[%clk 0:17:48]} 31. Rxd4 {[%clk 0:26:39]} exd4 {[%clk 0:18:16]} 32. Qg4
{[%clk 0:27:01]} Kh7 {[%clk 0:18:09]} 33. Qxd4 {[%clk 0:26:22]} Qb1+
{[%clk 0:18:18]} 34. Kh2 {[%clk 0:26:47]} Qxa2 {[%clk 0:18:29]} 35. Qe4+
{[%clk 0:24:59]} Kg8 {[%clk 0:16:53]} 36. Qg4+ {[%clk 0:25:08]} Kh8
{[%clk 0:16:41]} 37. Qf3 {[%clk 0:25:07]} Kg8 {[%clk 0:16:07]} 38. Nf5
{[%clk 0:23:40]} Qd2 {[%clk 0:14:41]} 39. Qg4+ {[%clk 0:20:55]} Qg5
{[%clk 0:14:51]} 40. Qxg5+ {[%clk 0:21:14]} hxg5 {[%clk 0:15:20]} 41. Kg3
{[%clk 0:21:27]} Kh7 {[%clk 0:15:35]} 42. Kg4 {[%clk 0:21:37]} Kg6
{[%clk 0:15:37]} 43. g3 {[%clk 0:21:37]} Bc5 {[%clk 0:15:28]} 44. f4
{[%clk 0:21:41]} f6 {[%clk 0:14:34]} 45. h4 {[%clk 0:21:48]} gxh4
{[%clk 0:13:18]} 46. Nxh4+ {[%clk 0:21:34]} Kf7 {[%clk 0:13:39]} 47. Kf3
{[%clk 0:21:50]} Ke6 {[%clk 0:13:44]} 48. Ke4 {[%clk 0:22:14]} Kd6
{[%clk 0:12:49]} 49. g4 {[%clk 0:21:53]} Kc6 {[%clk 0:09:41]} 50. Nf5
{[%clk 0:10:35]} Kb5 {[%clk 0:09:49]} 51. g5 {[%clk 0:09:08]} fxg5
{[%clk 0:10:10]} 52. fxg5 {[%clk 0:09:31]} Ba3 {[%clk 0:09:33]} 53. g6
{[%clk 0:09:40]} Bf8 {[%clk 0:07:23]} 54. Ke5 {[%clk 0:09:43]} Kc6
{[%clk 0:07:31]} 55. Kf6 Ba3 1-0

[Event "PMPJ 2022 - C17"]
[Site "Jastrzebia Gora"]
[Date "2022.11.07"]
[Round "3.8"]
[White "Hury, Tymoteusz"]
[Black "Kaczmarek, Jan"]
[Result "1-0"]
[BlackElo "1786"]
[WhiteElo "1710"]
[LiveChessVersion "1.4.8"]

1. e4 {[%clk 1:30:58]} c5 {[%clk 1:30:54]} 2. Nc3 {[%clk 1:31:24]} e6
{[%clk 1:31:06]} 3. f4 {[%clk 1:30:27]} d5 {[%clk 1:30:30]} 4. Nf3
{[%clk 1:27:17]} Nf6 {[%clk 1:28:53]} 5. Bb5+ {[%clk 1:18:19]} Bd7
{[%clk 1:28:17]} 6. Bxd7+ {[%clk 1:16:03]} Qxd7 {[%clk 1:28:46]} 7. e5
{[%clk 1:16:08]} Ng4 {[%clk 1:28:30]} 8. d3 {[%clk 1:13:24]} h5 {[%clk 1:27:46]}
9. O-O {[%clk 1:11:20]} Nc6 {[%clk 1:26:02]} 10. a4 {[%clk 1:06:01]} Be7
{[%clk 1:25:02]} 11. Qe2 {[%clk 1:01:17]} O-O {[%clk 1:23:03]} 12. Bd2
{[%clk 0:54:43]} Rac8 {[%clk 1:19:06]} 13. Rae1 {[%clk 0:39:45]} Nd4
{[%clk 1:10:34]} 14. Qd1 {[%clk 0:39:25]} Nf5 {[%clk 1:09:55]} 15. h3
{[%clk 0:34:04]} Ngh6 {[%clk 1:06:58]} 16. Ng5 {[%clk 0:29:18]} Ng3
{[%clk 1:04:13]} 17. Rf2 {[%clk 0:27:29]} Nhf5 {[%clk 1:01:39]} 18. Ne2
{[%clk 0:25:14]} h4 {[%clk 0:56:06]} 19. c3 {[%clk 0:24:22]} f6 {[%clk 0:42:22]}
20. exf6 {[%clk 0:20:42]} gxf6 {[%clk 0:42:33]} 21. Nxe6 {[%clk 0:19:21]} 1-0

[Event "PMPJ 2022 - C17"]
[Site "Jastrzebia Gora"]
[Date "2022.11.07"]
[Round "3.9"]
[White "Kotowicz, Kamil"]
[Black "Rzenca, Jerzy"]
[Result "1-0"]
[BlackElo "1631"]
[WhiteElo "1775"]
[LiveChessVersion "1.4.8"]

1. d4 {[%clk 1:30:55]} d5 {[%clk 1:30:34]} 2. c4 {[%clk 1:31:06]} c6
{[%clk 1:30:59]} 3. Nc3 {[%clk 1:31:04]} dxc4 {[%clk 1:31:23]} 4. e4
{[%clk 1:31:24]} b5 {[%clk 1:31:17]} 5. a4 {[%clk 1:31:04]} b4 {[%clk 1:30:14]}
6. Nb1 {[%clk 1:30:14]} Ba6 {[%clk 1:28:34]} 7. Be3 {[%clk 1:27:21]} e6
{[%clk 1:26:14]} 8. Qc1 {[%clk 1:22:19]} Nf6 {[%clk 1:24:17]} 9. f3
{[%clk 1:21:37]} c3 {[%clk 1:14:48]} 10. bxc3 {[%clk 1:20:37]} Bxf1
{[%clk 1:13:44]} 11. Kxf1 {[%clk 1:21:00]} Qa5 {[%clk 1:13:23]} 12. c4
{[%clk 1:17:01]} Be7 13. Nd2 {[%clk 1:15:29]} O-O {[%clk 1:09:54]} 14. Kf2
{[%clk 1:11:44]} Na6 {[%clk 1:03:56]} 15. Nb3 {[%clk 1:10:10]} Qc7
{[%clk 1:04:17]} 16. Bf4 {[%clk 1:08:37]} Qd7 {[%clk 1:00:39]} 17. c5
{[%clk 1:06:09]} Bd8 {[%clk 0:55:22]} 18. Qc4 {[%clk 0:59:52]} Nc7
{[%clk 0:45:03]} 19. g4 {[%clk 0:59:07]} a5 {[%clk 0:41:31]} 20. Ne2
{[%clk 0:57:23]} Kh8 {[%clk 0:35:24]} 21. h4 {[%clk 0:52:40]} Ng8
{[%clk 0:31:14]} 22. g5 {[%clk 0:50:40]} f5 {[%clk 0:29:54]} 23. Ke3
{[%clk 0:47:14]} fxe4 {[%clk 0:27:56]} 24. fxe4 {[%clk 0:47:16]} Ne7
{[%clk 0:25:07]} 25. Be5 {[%clk 0:42:34]} Ng6 {[%clk 0:21:21]} 26. Raf1
{[%clk 0:39:30]} Be7 {[%clk 0:18:14]} 27. Nf4 {[%clk 0:31:44]} Nxf4
{[%clk 0:11:30]} 28. Bxf4 {[%clk 0:30:25]} Rfe8 {[%clk 0:05:57]} 29. Be5
{[%clk 0:26:53]} Rf8 {[%clk 0:04:43]} 30. Qe2 {[%clk 0:25:34]} Nd5+
{[%clk 0:02:43]} 31. exd5 {[%clk 0:18:08]} Qxd5 {[%clk 0:03:12]} 32. Qc2
{[%clk 0:18:12]} Rf5 {[%clk 0:01:58]} 33. Rxf5 {[%clk 0:18:33]} Qxh1
{[%clk 0:02:01]} 34. Rf7 {[%clk 0:16:20]} Qh3+ {[%clk 0:01:17]} 35. Kd2
{[%clk 0:16:29]} 1-0